General Principles of Law of Contract in Tanzania / (Record no. 11707)
[ view plain ]
| 000 -LEADER | |
|---|---|
| fixed length control field | 01934nam a22004212 4500 |
| 001 - CONTROL NUMBER | |
| control field | 0000025441 |
| 005 - DATE AND TIME OF LATEST TRANSACTION | |
| control field | 20151217154542.0 |
| 008 - FIXED-LENGTH DATA ELEMENTS--GENERAL INFORMATION | |
| fixed length control field | 150922s xx 000 0 eng d |
| 020 ## - INTERNATIONAL STANDARD BOOK NUMBER | |
| International Standard Book Number | 9966031327 : |
| 040 ## - CATALOGING SOURCE | |
| Original cataloging agency | KABU |
| Transcribing agency | KABU |
| 100 1# - MAIN ENTRY--PERSONAL NAME | |
| Personal name | Hussain, Mohammed Saheb. |
| -- | 0000186084 |
| 245 10 - TITLE STATEMENT | |
| Title | General Principles of Law of Contract in Tanzania / |
| Statement of responsibility, etc. | by Mohamed Saheb Hussein & Mudhihir Athuman Magee. |
| 260 ## - PUBLICATION, DISTRIBUTION, ETC. (IMPRINT) | |
| Place of publication, distribution, etc. | Nairobi, Kenya : |
| Name of publisher, distributor, etc. | lawAfrica, |
| Date of publication, distribution, etc. | 2013. |
| 300 ## - PHYSICAL DESCRIPTION | |
| Extent | lii, 319 p. |
| 650 #0 - SUBJECT ADDED ENTRY--TOPICAL TERM | |
| Topical term or geographic name as entry element | Contracts |
| General subdivision | Tanzania. |
| -- | 0000186085 |
| 700 1# - ADDED ENTRY--PERSONAL NAME | |
| Personal name | Mudhihir Athuman Magee. |
| -- | 0000186086 |
| 852 1# - LOCATION | |
| -- | P2200KES |
| 852 1# - LOCATION | |
| -- | P2200KES |
| 852 1# - LOCATION | |
| -- | P2200KES |
| 852 1# - LOCATION | |
| -- | P2200KES |
| 852 1# - LOCATION | |
| -- | P2200KES |
| 852 1# - LOCATION | |
| -- | P2200KES |
| 852 1# - LOCATION | |
| -- | P2200KES |
| 852 1# - LOCATION | |
| -- | P2200KES |
| 852 1# - LOCATION | |
| -- | P2200KES |
| 852 1# - LOCATION | |
| -- | P2200KES |
| 852 1# - LOCATION | |
| -- | P2200KES |
| 852 1# - LOCATION | |
| -- | P2200KES |
| 852 1# - LOCATION | |
| -- | P2200KES |
| 852 1# - LOCATION | |
| -- | P2200KES |
| 852 1# - LOCATION | |
| -- | P2200KES |
| 852 1# - LOCATION | |
| -- | P2200KES |
| 852 1# - LOCATION | |
| -- | P2200KES |
| 852 1# - LOCATION | |
| -- | P2200KES |
| 852 1# - LOCATION | |
| -- | P2200KES |
| 908 ## - PUT COMMAND PARAMETER (RLIN) | |
| Put command parameter | 150922 |
| 950 ## - LOCAL HOLDINGS (RLIN) | |
| -- | 1 |
| Withdrawn status | Lost status | Source of classification or shelving scheme | Not for loan | Home library | Current library | Date acquired | Total Checkouts | Full call number | Barcode | Date last seen | Price effective from | Koha item type | Date last checked out |
|---|---|---|---|---|---|---|---|---|---|---|---|---|---|
| Library of Congress Classification | Kabarak, Main Campus | Kabarak, Main Campus | 17/12/2015 | KTT81 .H87 2013 C.2 | 019763 | 17/12/2015 | 17/12/2015 | General Collection | |||||
| Library of Congress Classification | Kabarak, Main Campus | Kabarak, Main Campus | 17/12/2015 | KTT81 .H87 2013 C.3 | 019764 | 17/12/2015 | 17/12/2015 | General Collection | |||||
| Library of Congress Classification | Kabarak, Main Campus | Kabarak, Main Campus | 17/12/2015 | KTT81 .H87 2013 C.4 | 019765 | 17/12/2015 | 17/12/2015 | General Collection | |||||
| Library of Congress Classification | Kabarak, Main Campus | Kabarak, Main Campus | 17/12/2015 | KTT81 .H87 2013 C.5 | 019766 | 17/12/2015 | 17/12/2015 | General Collection | |||||
| Library of Congress Classification | Kabarak, Main Campus | Kabarak, Main Campus | 17/12/2015 | KTT81 .H87 2013 C.6 | 019759 | 17/12/2015 | 17/12/2015 | General Collection | |||||
| Library of Congress Classification | Kabarak, Main Campus | Kabarak, Main Campus | 17/12/2015 | KTT81 .H87 2013 C.8 | 019797 | 17/12/2015 | 17/12/2015 | General Collection | |||||
| Library of Congress Classification | Kabarak, Main Campus | Kabarak, Main Campus | 17/12/2015 | KTT81 .H87 2013 C.9 | 019798 | 17/12/2015 | 17/12/2015 | General Collection | |||||
| Library of Congress Classification | Kabarak, Main Campus | Kabarak, Main Campus | 17/12/2015 | KTT81 .H87 2013 C.10 | 019760 | 17/12/2015 | 17/12/2015 | General Collection | |||||
| Library of Congress Classification | Kabarak, Main Campus | Kabarak, Main Campus | 17/12/2015 | KTT81 .H87 2013 C.11 | 019761 | 17/12/2015 | 17/12/2015 | General Collection | |||||
| Library of Congress Classification | Kabarak, Main Campus | Kabarak, Main Campus | 17/12/2015 | KTT81 .H87 2013 C.12 | 019790 | 17/12/2015 | 17/12/2015 | General Collection | |||||
| Library of Congress Classification | Kabarak, Main Campus | Kabarak, Main Campus | 17/12/2015 | KTT81 .H87 2013 C.13 | 019793 | 17/12/2015 | 17/12/2015 | General Collection | |||||
| Library of Congress Classification | Kabarak, Main Campus | Kabarak, Main Campus | 17/12/2015 | KTT81 .H87 2013 C.14 | 019794 | 17/12/2015 | 17/12/2015 | General Collection | |||||
| Library of Congress Classification | Kabarak, Main Campus | Kabarak, Main Campus | 17/12/2015 | 1 | KTT81 .H87 2013 C.15 | 019762 | 25/06/2019 | 17/12/2015 | General Collection | 10/06/2019 | |||
| Library of Congress Classification | Kabarak, Main Campus | Kabarak, Main Campus | 17/12/2015 | KTT81 .H87 2013 C.16 | 019800 | 17/12/2015 | 17/12/2015 | General Collection | |||||
| Library of Congress Classification | Kabarak, Main Campus | Kabarak, Main Campus | 17/12/2015 | KTT81 .H87 2013 C.17 | 019795 | 17/12/2015 | 17/12/2015 | General Collection | |||||
| Library of Congress Classification | Kabarak, Main Campus | Kabarak, Main Campus | 17/12/2015 | KTT81 .H87 2013 C.18 | 019796 | 17/12/2015 | 17/12/2015 | General Collection | |||||
| Library of Congress Classification | Kabarak, Main Campus | Kabarak, Main Campus | 17/12/2015 | KTT81 .H87 2013 C.19 | 019799 | 17/12/2015 | 17/12/2015 | General Collection | |||||
| Library of Congress Classification | Kabarak, Main Campus | Kabarak, Main Campus | 17/12/2015 | KTT81 .H87 2013 C.20 | 019792 | 17/12/2015 | 17/12/2015 | General Collection | |||||
| Library of Congress Classification | Kabarak, Main Campus | Kabarak, Main Campus | 17/12/2015 | KTT81 .H87 2013 C.7 | 019801 | 17/12/2015 | 17/12/2015 | General Collection | |||||
| Library of Congress Classification | Kabarak, Main Campus | Kabarak, Main Campus | 17/12/2015 | KTT81 .H87 2013 C.1 | 019788 | 17/12/2015 | 17/12/2015 | Africana Collection |